Statistics for Indoeuropean languages

Click here to take the quiz!

General Stats

  • This quiz has been taken 285 times
  • The average score is 15 of 23

Answer Stats

BranchWordsLanguage% Correct
GermanicMother, Sun, FootEnglish
98%
GermanicMutter, Sonne, FußGerman
94%
GermanicMoeder, Zon, VoetDutch
92%
GermanicMóðir, Sól, FóturIcelandic
81%
BalticMāte, Saule, PēdaLatvian
80%
GermanicMor, Sol, FotSwedish
80%
GermanicMor, Sol, FodDanish
78%
SlavicMatka, Słońce, PieszyPolish
74%
HellenicMitéra, Ílios, PódiGreek
69%
CelticMáthair, Ghrian, CosIrish
67%
ItalicMère, Soleil, PiedFrench
64%
ItalicMãe, Sol, PéPortuguese
64%
ItalicMadre, Sol, PiéSpanish
64%
ItalicMadre, Sole, PiedeItalian
63%
ItalicMater, Solis, PesLatin
61%
ItalicMama, Soare, PiciorRomanian
53%
Indo-IranianPāda, Mā́tṛ, SuryaSanskrit
52%
SlavicMajka, Sunce, NogaSerbo-Croatian
51%
Indo-IranianPa, Mâdar, XorPersian
49%
SlavicMat, Solnce, PéšijRussian
49%
SlavicMatka, Slnko, NohaSlovak
44%
ItalicMare, Sol, PeuCatalan
42%
Indo-IranianPê, Mak, XorKurdish
16%

Score Distribution

Percentile by Number Answered

Percent of People with Each Score

Your Score History

You have not taken this quiz